Left ventricular circumferential strain is supranormal is elite athletes - a three-dimensional speckle-tracking echocardiographic study

Elmentve itt :
Bibliográfiai részletek
Szerzők: Nemesi Attila
Kalapos Anita
Domsik Péter
Oszlánczi Mónika
Orosz Andrea
Török László
Balogh László
Forster Tamás
Lengyel Csaba
Dokumentumtípus: Könyv része
Megjelent: Szegedi Tudományegyetem Juhász Gyula Pedagógusképző Kar Szeged 2016
Sorozat:László Ferenc Sporttudományi Kutatóműhely 3
Sporttudományi kaleidoszkóp = Sports science kaleidoscope : sportszakmai tanulmány-, és szakcikk gyűjtemény = studies and abstracts from the area of sports sciences research 3
Kulcsszavak:Sportorvoslás - előadáskivonat, Szívbetegségek - előadáskivonat, Echokardiográfia - előadáskivonat
Tárgyszavak:
Online Access:http://acta.bibl.u-szeged.hu/75466
LEADER 01515naa a2200337 i 4500
001 acta75466
005 20220421144223.0
008 220421s2016 hu o 0|| eng d
020 |a 978-963-306-499-3 
022 |a 2064-5821 
040 |a SZTE Egyetemi Kiadványok Repozitórium  |b hun 
041 |a eng 
100 1 |a Nemesi Attila 
245 1 0 |a Left ventricular circumferential strain is supranormal is elite athletes - a three-dimensional speckle-tracking echocardiographic study  |h [elektronikus dokumentum] /  |c  Nemesi Attila 
260 |a Szegedi Tudományegyetem Juhász Gyula Pedagógusképző Kar  |b Szeged  |c 2016 
300 |a 10-11 
490 0 |a László Ferenc Sporttudományi Kutatóműhely  |v 3 
490 0 |a Sporttudományi kaleidoszkóp = Sports science kaleidoscope : sportszakmai tanulmány-, és szakcikk gyűjtemény = studies and abstracts from the area of sports sciences research  |v 3 
650 4 |a Orvos- és egészségtudomány 
650 4 |a Klinikai orvostan 
650 4 |a Egészségtudományok 
695 |a Sportorvoslás - előadáskivonat, Szívbetegségek - előadáskivonat, Echokardiográfia - előadáskivonat 
700 0 1 |a Kalapos Anita  |e aut 
700 0 1 |a Domsik Péter  |e aut 
700 0 1 |a Oszlánczi Mónika  |e aut 
700 0 1 |a Orosz Andrea  |e aut 
700 0 1 |a Török László  |e aut 
700 0 1 |a Balogh László  |e aut 
700 0 1 |a Forster Tamás  |e aut 
700 0 1 |a Lengyel Csaba  |e aut 
856 4 0 |u http://acta.bibl.u-szeged.hu/75466/1/sporttudomany_003_010-011.pdf  |z Dokumentum-elérés